Club de football évoluant au plus haut niveau national par district - Statistiques

Statistiques générales
  • Ce quiz a été pris 39 fois
  • Le résultat moyen est 15 sur 73
Statistiques - réponses
District (Niveau) Club % Correct
Provence (L1) Olympique de Marseille
78%
Paris (L1) Paris Saint-Germain Football Club
67%
Côte-d'Azur (L1) Olympique Gymnaste Club de Nice / Association Sportive Monaco Football Club
64%
Lyon-et-Rhône (L1) Olympique Lyonnais
53%
Gironde (L2) Football Club des Girondins de Bordeaux
44%
Flandres (L1) Lille Olympique Sporting Club
42%
Calvados (L2) Stade Malherbe de Caen
42%
Puy-de-Dôme (L1) Clermont Foot 63
39%
Moselle (L1) Football Club de Metz
39%
Ille-et-Vilaine (L1) Stade Rennais Football Club
39%
Loire (L2) Association Sportive de Saint-Étienne
36%
Loire-Atlantique (L1) Football Club de Nantes
36%
[Corse] (L2) - Pas de districts Athletic Club Ajaccien / Sporting Club de Bastia
33%
Artois (L1) Racing Club de Lens
33%
Alsace (L1) Racing Club Strasbourg Alsace
33%
Finistère (L1) Stade Brestois 29
33%
Aube (L2) Espérance Sportive Troyes Aube Champagne
31%
Hérault (L1) Montpellier Hérault Sporting Club
31%
Haute-Garonne (L1) Toulouse Football Club
31%
Haute-Savoie-Pays-de-Gex (L2) Football Club d'Annecy
28%
Morbihan (L1) Football Club de Lorient
28%
Isère (L2) Grenoble Foot 38
28%
Pyrénées-Atlantiques (L2) Pau Football Club
25%
Marne (L1) Stade de Reims
25%
Mayenne (L2) Stade Lavallois Mayenne Football Club
25%
Maine-et-Loire (L2) Angers Sporting Club de l'Ouest
22%
Yonne (L2) Association de la Jeunesse Auxerroise
22%
Meurthe-et-Moselle (N1) Association Sportive Nancy-Lorraine
22%
Côte-d'Or (N1) Dijon Football Côte-d'Or
22%
Gard-Lozère (N1) Nîmes Olympique
22%
Somme (L2) Amiens Sporting Club
19%
Côtes-d'Armor (L2) En Avant de Guingamp
19%
Seine-Maritime (L1) Le Havre Athetic Club
19%
Aveyron (L2) Rodez Aveyron Football
19%
Loiret (N1) Union Sportive Orléans Loiret Football
19%
Deux-Sèvres (N1) Chamois Niortais
17%
Ain (N2) Football Bourg-en-Bresse Péronnas 01
17%
Doubs-Territoire de Belfort (N1) Football Club Sochaux-Montbéliard
17%
Yvelines (N1) Football Club Versailles 78
17%
Indre (N1) La Berrichonne de Châteauroux
17%
Aisne (N2) Olympique Saint-Quentin
17%
Val-de-Marne (N2) Union Sportive Créteil-Lusitanos
17%
Dordogne-Périgord (N2) Bergerac Périgord Football Club / Trélissac-Antonne Périgord Football Club
14%
Var (N2) Étoile Football Club Fréjus Saint-Raphaël / Sporting Club de Toulon / Hyères Football Club
14%
Jura (N2) Jura Sud Foot
14%
Allier (N3) Moulins-Yzeure Foot 03
14%
Seine-Saint-Denis (N1) Red Star Football Club
14%
Manche (N1) Union Sportive d'Avranches Mont-Saint-Michel
14%
Escaut (L2) Valenciennes Football Club
14%
Haute-Loire (N2) Le Puy Football 43 Auvergne
11%
Côte-d'Opale (N2) Union Sportive Boulogne Côte d'Opale
11%
Cher (N2) Bourges Foot 18
8%
Sarthe (N1) Le Mans Football Club
8%
Vosges (N1) Stade Athlétique Spinalien
8%
Charente (N2) Angoulême Charente Football Club
6%
Haute-Vienne (N3) Association Sportive Panazol Football
6%
Ardennes (N3) Association Sportive Prix-lès-Mézières
6%
Oise (N2) Football Club Chambly Oise / Association Sportive Beauvais Oise
6%
Drôme-Ardèche (N3) Olympique de Valence
6%
Hauts-de-Seine (N2) Racing Club de France Football
6%
Loir-et-Cher (N2) Sologne Olympique Romorantin / Blois Football 41
6%
Vienne (N3) Stade Poitevin Football Club / Stade Olympique Châtelleraudais / Union Sportive Chauvinoise
6%
Indre-et-Loire (N3) Avoine Olympique Chinon Cinais
3%
Pyrénées-Orientales (N3) Canet-en-Roussillon Football Club / FC Albères Argelès / Union Saint-Estève Perpignan Méditerranée Métropole
3%
Savoie (N3) Chambéry Savoie Football
3%
Val-d'Oise (N3) Entente Sannois-Saint-Gratien / Association Sportive Saint-Ouen-l'Aumône
3%
Haute-Saône (N3) Football Club de Vesoul
3%
Essonne (N2) Football Club Fleury 91
3%
Orne (N3) Union Sportive Alençonnaise / Football Club Flérien
3%
Vendée (N2) Vendée Les Herbiers Football / La Roche-sur-Yon Vendée Football
3%
Landes (N3) Saint Paul Sport
0%
Nièvre (N3) Union Cosnoise Sportive Football
0%
Saône-et-Loire (N2) Union du Football Mâconnais
0%
Aucun quiz correspondant
Distribution des résultats
% des personnes avec chaque résultat
Percentile par nombre de réponses
Votre historique - résultats
Vous n’avez pas pris ce quiz